MARC details
| 000 -CABECERA |
| campo de control de longitud fija |
01479nam a2200385 a 4500 |
| 001 - NÚMERO DE CONTROL |
| campo de control |
vtls000036674 |
| 003 - IDENTIFICADOR DEL NÚMERO DE CONTROL |
| campo de control |
ES-BaIT |
| 005 - FECHA Y HORA DE LA ÚLTIMA TRANSACCIÓN |
| campo de control |
20211007131207.0 |
| 007 - CAMPO FIJO DE DESCRIPCIÓN FÍSICA--INFORMACIÓN GENERAL |
| campo de control de longitud fija |
t| |
| 008 - DATOS DE LONGITUD FIJA--INFORMACIÓN GENERAL |
| campo de control de longitud fija |
200210s2001 spc|||||| |00| |spa|d |
| 010 ## - NÚMERO DE CONTROL DE LA BIBLIOTECA DEL CONGRESO |
| Número de control de LC |
36674 |
| 017 ## - NÚMERO DE COPYRIGHT O DE DEPÓSITO LEGAL |
| Número de copyright o de depósito legal |
DL B. 39715-2001 |
| 020 ## - NÚMERO INTERNACIONAL ESTÁNDAR DEL LIBRO |
| Número Internacional Estándar del Libro |
8484281019 |
| 035 ## - NÚMERO DE CONTROL DEL SISTEMA |
| Número de control de sistema |
0036-67460 |
| -- |
ES-BaIT035 |
| 039 #9 - NIVEL DE CONTROL BIBLIOGRÁFICO Y DETALLES DE CODIFICACIÓN [OBSOLETO] |
| Nivel de reglas en descripción bibliográfica |
202002101644 |
| Nivel de esfuerzo utilizado para asignar no-encabezamientos de materia en puntos de acceso |
VLOAD |
| Nivel de esfuerzo utilizado en la asignación de encabezamientos de materia |
201403080002 |
| Nivel de esfuerzo utilizado para asignar clasificación |
VLOAD |
| Nivel de esfuerzo utilizado en la asignación de encabezamientos de materia |
201303092059 |
| Nivel de esfuerzo utilizado para asignar clasificación |
VLOAD |
| Nivel de esfuerzo utilizado en la asignación de encabezamientos de materia |
201301281249 |
| Nivel de esfuerzo utilizado para asignar clasificación |
alvarezrb |
| -- |
201110052319 |
| -- |
VLOAD |
| 080 ## - NÚMERO DE LA CLASIFICACIÓN DECIMAL UNIVERSAL |
| Número de la Clasificación Decimal Universal |
792.01 |
| 040 ## - FUENTE DE LA CATALOGACIÓN |
| Centro catalogador/agencia de origen |
ES-BaIT |
| Lengua de catalogación |
cat |
| 100 1# - ENTRADA PRINCIPAL--NOMBRE DE PERSONA |
| Nombre de persona |
Mamet, David |
| 9 (RLIN) |
31219 |
| 240 10 - TÍTULO UNIFORME |
| Título uniforme |
Three uses of the knife. |
| Lenguaje de la obra |
Castellà |
| 245 14 - MENCIÓN DE TÍTULO |
| Título |
Los Tres usos del cuchillo : |
| Resto del título |
sobre la naturaleza y la función del drama / |
| Mención de responsabilidad, etc. |
David Mamet ; [traducido por María Faidella Martí] |
| 260 ## - PUBLICACIÓN, DISTRIBUCIÓN, ETC. |
| Lugar de publicación, distribución, etc. |
Barcelona : |
| Nombre del editor, distribuidor, etc. |
Alba Editorial, |
| Fecha de publicación, distribución, etc. |
2001 |
| 300 ## - DESCRIPCIÓN FÍSICA |
| Extensión |
111 p. |
| 490 1# - MENCIÓN DE SERIE |
| Mención de serie |
Alba artes escénicas |
| -- |
63499 |
| 500 ## - NOTA GENERAL |
| Nota general |
Tit. orig.: Three Uses of the knife : on the nature and purpose of drama |
| 600 14 - PUNTO DE ACCESO ADICIONAL DE MATERIA--NOMBRE DE PERSONA |
| Nombre de persona |
Mamet, David |
| 9 (RLIN) |
31219 |
| 650 04 - PUNTO DE ACCESO ADICIONAL DE MATERIA--TÉRMINO DE MATERIA |
| Término de materia o nombre geográfico como elemento de entrada |
Teatre |
| Subdivisión general |
Aspectes socials |
| 9 (RLIN) |
57789 |
| 650 04 - PUNTO DE ACCESO ADICIONAL DE MATERIA--TÉRMINO DE MATERIA |
| Término de materia o nombre geográfico como elemento de entrada |
Teatre |
| Subdivisión general |
Aspectes psicològics |
| 9 (RLIN) |
68398 |
| 830 #0 - PUNTO DE ACCESO ADICIONAL DE SERIE-TÍTULO UNIFORME |
| Título uniforme |
Alba artes escénicas |
| 9 (RLIN) |
63499 |
| 940 ## - EQUIVALENCIA O REFERENCIA-CRUZADA--TÍTULO UNIFORME [OBSOLETO] [solamente CAN/MARC] |
| Título uniforme |
<a href="IT">IT</a> |
| 949 ## - PROCESAMIENTO DE INFORMACIÓN LOCAL (OCLC) |
| -- |
VIRTUAITEM |
| -- |
10040 |
| -- |
10040 |
| -- |
1 |
| 6 |
1900029743 |
| a |
792.01 MAM |
| 949 ## - PROCESAMIENTO DE INFORMACIÓN LOCAL (OCLC) |
| -- |
VIRTUAITEM |
| -- |
40000 |
| -- |
40000 |
| -- |
1 |
| 6 |
1900039611 |
| a |
792.01 MAM |
| 949 ## - PROCESAMIENTO DE INFORMACIÓN LOCAL (OCLC) |
| -- |
VIRTUAITEM |
| -- |
50000 |
| -- |
50000 |
| -- |
1 |
| 6 |
1900033409 |
| a |
792.01 MAM |
| 998 ## - INFORMACIÓN DE CONTROL LOCAL (RLIN) |
| -- |
VIRTUA |
| 998 ## - INFORMACIÓN DE CONTROL LOCAL (RLIN) |
| -- |
VTLSSORT0070*0080*0170*0200*0350*0800*1000*2400*2450*2600*3000*4400*5000*6000*6500*6501*9400*9992 |